Polyisobutylene-based thermoplastic elastomers : A review (1996 reviews) (Record no. 65248)

MARC details
000 -LEADER
fixed length control field 00416nam a2200145Ia 4500
100 ## - MAIN ENTRY--AUTHOR NAME
Personal name Puskas J E
245 #0 - TITLE STATEMENT
Title Polyisobutylene-based thermoplastic elastomers : A review (1996 reviews)
260 ## - PUBLICATION, DISTRIBUTION, ETC. (IMPRINT)
Name of publisher Rubber Chemistry and Technology
Year of publication 1996
300 ## - PHYSICAL DESCRIPTION
Number of Pages 462-475
650 ## - SUBJECT ADDED ENTRY--TOPICAL TERM
Topical Term 1996 reviews
650 ## - SUBJECT ADDED ENTRY--TOPICAL TERM
Topical Term Thermoplastic elastomers
700 ## - ADDED ENTRY--PERSONAL NAME
Personal name Kaszas G
942 ## - ADDED ENTRY ELEMENTS (KOHA)
Koha item type Journals
Holdings
Withdrawn status Lost status Damaged status Not for loan Home library Current library Shelving location Date acquired Serial Enumeration / chronology Koha item type
      Journals RRII Library RRII Library Rubber chemistry 17/12/2021 Volume 69, Issue 3 Journals